00663nam a2200193Ia 4500952014200000999001700142003000400159005001700163008004100180020001800221040000900239082001800248100002700266245006100293260004300354300000900397650002100406942004200427 00102ddc40708SPORTS AND GAMESaMESbMEScPHYSd2019-02-20g295.00l0o796.07 KUT/Rp35829r2019-02-20 00:00:00w2019-02-20yBKzU22R1 c32605d32605OSt20201013101939.0190216s9999||||xx |||||||||||||| ||und|| a9788178794075 coclc a796.07bKUT/R aKutty, K Suresh 95620 0aResearch Methods In Physical Education /cK Suresh Kutty bSports Publication,c2009.aNew Delhi: a143p aSports And Games cBK2ddch796.07iKUT/Rk796.07mKUT/R